00857 2200277 4500001002100000005001700021008004100038020002200079035002500101040001200126082001800138084001800156090001800174100002500192245014200217260002800359300003200387650001500419700001900434700002800453700003200481850001200513990001800525990001800543990001800561INLIS00000000000340520150415094626.0  a978-602-241-902-0 a0010-041500000000471 aYOPDYOG a796.334 Ari D a796.334 Ari D a796.334 Ari D aARIF RAHMADI HARYONO a20 Pesepak bola muslim hebat dunia /cArif Rahmadi Haryono, Yugha Erlangga ; editor, Andriansyah Syihabuddin, Adhika Prasetya Kusharsanto aJakartabErlanggac2014 a170 hlm.b: ilus.c; 25 cm. aSepak bola aYugha Erlangga aAndriansyah Syihabuddin aAdhika Prasetya Kusharsanto aYOPDYOG a10785-PD/B.15 a10786-PD/B.15 a10787-PD/B.15